000 01743nam0a2200409 i 4500
001 RU\NLR\bibl\1983305
005 20260406025444.0
010 _a9785990372030
_91000
021 _aRU
_b2012-95206
_97050
035 _a(nilc)RuMoRGB-006504698
035 _a(NLR Aleph) 002068512
090 _a4730543
_c4730543
100 _a20121219d2012 u y0rusy50 ca
101 0 _arus
_aeng
102 _aRU
105 _aa |||||||||
200 1 _aАнглийские слова
_dEnglish words
_eправила произношения, чтения и письма, словообразование
_fЛана Сурикова-Камю
_zeng
210 _aМосква
_cЛиЛа
_d2012
215 _a64 с.
_cил.
_d28
225 1 _aLana Learning System
300 _aНа обл. авт. не указан
300 _aАвт. также на англ. яз.: Lana Surikova-Camus
510 1 _6z77790
_aEnglish words
_zeng
606 _aАнглийский язык
_jУчебные издания
_xФонетика
_9972110
_3RU\NLR\AUTH\6645929
606 _aАнглийский язык
_jУчебные издания
_xСловообразование
_9974904
_3RU\NLR\AUTH\6647381
686 1 _aШ143.21-93рус-1
686 1 _aШ143.21-93рус-211
700 1 _4070
_8rus
_7ca
_aСурикова-Камю
_bЛ. Г.
_gЛана Геннадьевна
_3RU\NLR\auth\77126221
_9109145
790 1 _4070
_8rus
_7ba
_aSurikova-Kamju
_bL. G.
_gLana Gennad'evna
_3RU\NLR\auth\77127114
_9110038
801 0 _aRU
_bRuMoRKP
_c20121219
_gRCR
801 2 _aRU
_bРГБ
_c20130118
_grcr
801 1 _aRU
_bRuMoRKP
_c20121219
_2rusmarc
801 2 _aRU
_bNLR
_c20121226
_grcr
942 _cBOOK
980 _aNBR